Statistics for Most Frequent Closest Capital Cities

Click here to take the quiz!

General Stats

  • This quiz has been taken 72 times
  • The average score is 30 of 45

Answer Stats

ANSWER% Correct
Brussels
100%
Amsterdam
100%
Luxembourg
100%
Paris
100%
London
97%
Warsaw
82%
Guatemala City
81%
Buenos Aires
81%
Santiago
79%
Vilnius
79%
Bangkok
79%
Athens
79%
Riga
79%
Hanoi
77%
San Salvador
77%
Skopje
77%
Montevideo
77%
Mexico City
77%
Minsk
76%
Asuncion
73%
Doha
71%
Kuwait City
71%
Riyadh
69%
Sofia
68%
Belmopan
68%
Dakar
66%
Taipei
66%
Pristina
66%
Vientiane
63%
Manila
61%
Manama
60%
Banjul
55%
Praia
50%
Kingstown
45%
Nouakchott
45%
Suva
45%
Bandar Seri Begawan
45%
Funafuti
44%
Castries
44%
Bridgetown
44%
Saint George's
40%
Port-Vila
40%
Melekeok
39%
Nay Pyi Taw
39%
Nuku'alofa
39%

Score Distribution

Percentile by Number Answered

Percent of People with Each Score

Your Score History

You have not taken this quiz